Online
Catalog

Parásitos, mitos y sordomudos : (Record no. 25238)

MARC details
000 -CABECERA
campo de control de longitud fija 00702nam a2200193 a 4500
001 - NÚMERO DE CONTROL
campo de control 000025746
005 - FECHA Y HORA DE LA ÚLTIMA TRANSACCIÓN
campo de control 20200930024022.0
008 - DATOS DE LONGITUD FIJA--INFORMACIÓN GENERAL
campo de control de longitud fija 110221s1964 mx a r 000 0 spa d
040 ## - FUENTE DE LA CATALOGACIÓN
Centro catalogador/agencia de origen DO-SdBNP
Lengua de catalogación spa
Centro/agencia transcriptor BNPHU
082 ## - NÚMERO DE LA CLASIFICACIÓN DECIMAL DEWEY
Número de clasificación nn*
Número de documento/Ítem nn*
049 ## - FONDOS LOCALES (OCLC)
Fondos de biblioteca BNGR
100 1# - ENTRADA PRINCIPAL--NOMBRE DE PERSONA
Nombre de persona Alba, Victor.
9 (RLIN) 29894
245 10 - MENCIÓN DE TÍTULO
Título Parásitos, mitos y sordomudos :
Resto del título ensayo sobre la alianza para el progreso y el colonialismo latinoamericano /
Mención de responsabilidad, etc. Victor Alba.
260 ## - PUBLICACIÓN, DISTRIBUCIÓN, ETC.
Lugar de publicación, distribución, etc. México, D. F. :
Nombre del editor, distribuidor, etc. Centro de Estudios y Documentación Sociales,
Fecha de publicación, distribución, etc. 1964.
300 ## - DESCRIPCIÓN FÍSICA
Extensión 287 p. :
Otras características físicas il. ;
Dimensiones 19 cm.
490 1# - MENCIÓN DE SERIE
Mención de serie Panoramas.
Designación de volumen o secuencia 11
500 ## - NOTA GENERAL
Nota general "Suplemento a la Revista Panoramas n. 11 (septiembre-octubre de 1964)".
830 #0 - PUNTO DE ACCESO ADICIONAL DE SERIE-TÍTULO UNIFORME
Título uniforme Panoramas
Designación de volumen o secuencia 11
9 (RLIN) 4746
Holdings
Estado de retiro Estado de pérdida Restricciones de uso No para préstamo Código de colección Localización permanente Ubicación/localización actual Ubicación en estantería Fecha de adquisición Número de inventario Total de préstamos Signatura topográfica completa Código de barras Fecha visto por última vez Precio válido a partir de Tipo de ítem Koha
        Monografías: Libros y Folletos General General En catalogación 21.02.2011 LF1   nn* nn* 25746-10 25.06.2020 25.06.2020 Préstamo en sala

Powered by Koha